000 01048nam a2200265 i 4500
001 159405
003 ES-MaACL
005 20251201163630.0
008 931025s1859 sp |||| | spa d
080 _a339.727.2(72)
080 _a327(460:72)
080 _a327(72:460)
100 1 _aMendoza, Javier de.
_9129829
245 1 3 _aLa cuestión de Méjico y el conde de Reus /
_cpor Javier de Mendoza.
260 _aMadrid :
_b[s.n.],
_c1859 (
_fTip. de J. Casas y Díaz)
300 _a108 p., [1] h. pleg. ;
_c21 cm.
530 _aDisponible en formato digital.
600 1 4 _aPrim, Juan,
_d1814-1870
_9242561
650 4 _aPréstamos internacionales-
_zMéxico-
_xTratados, convenios, etc.
_9149468
651 4 _aEspaña-
_xRelaciones-
_zMéxico.
_9165181
651 4 _aMéxico-
_xRelaciones-
_zEspaña.
_9172959
852 4 _aES-MaACL
_jT-104-F-6
_z-- Enc. hol., falto de cub. original
_z- Enc. en un vol. facticio
856 4 _uhttp://bdh-rd.bne.es/viewer.vm?id=0000077860&page=1
_zBiblioteca Digital Hispánica
999 _c159405
_d159405